000 00651nam a2200217 a 4500
001 BRCA_752
005 20190320203132.0
008 890818s1989 nyua---###---#000-0#eng-d
020 _a0517678837
040 _aSDL
_cSDL
_dOSU
050 4 _aNK6196
_b.W73 1989
100 1 _aWray, Christopher
_92489
245 1 0 _aArt Nouveau Lamps and Fixtures of James Hinks & Son
_cChristopher Wray.
260 _aNueva York
_bArch Cape Press
_c1989
300 _a184 p.
_bil. a color
_c31 cm.
504 _aBibliografĂ­a: p. 184
650 1 4 _aLámparas
_xHistoria
_92490
650 1 4 _aArt Nouveau
_92294
710 2 _aJames Hinks & Son (Firma)
_92491
942 _2lcc
_cB
999 _c651
_d651